00566nam a22002057a 450000500170000001000110001702000100002803500110003803700160004904000120006508200130007710000260009024500560011626000390017227000500021130000190026150000510028065000140033165000150034520170124105948.0 a852052 c00.00 a852052 bCen Lib/Ret aDPLbEN a291bVIT aVitsaxis, vassilis G. aPlato and the upnishads /cby Vassilis G. Vitsaxis aNew Delhi bArnold Heinemannc1977 bNew Delhi aAB/9. safdarjang enclave e110016 a93p.c21cm(Hb) aIncludes bibliographical references and index  aHinduism  aUpnishads